Obligaciones: teoría general y clasificaciones. La resolución por incumplimiento
Salvato in:
| Autore principale: | |
|---|---|
| Natura: | Libro |
| Lingua: | spagnolo |
| Pubblicazione: |
Santiago
Jurídica de Chile
2003
|
| Soggetti: | |
| Tags: |
Aggiungi Tag
Nessun Tag, puoi essere il primo ad aggiungerne!!
|
MARC
| LEADER | 00000cam a2200000 a 4500 | ||
|---|---|---|---|
| 001 | UCL5587 | ||
| 003 | CL-VaPUC | ||
| 008 | 040312e20030000CL |||||||||||||||||spa|d | ||
| 020 | |a 9561015110 | ||
| 082 | 0 | 4 | |a 346.8302 |b PEÑ |2 21 |
| 100 | |a Peñailillo Arévalo, Daniel Osvaldo |e autor |9 892680 | ||
| 245 | 1 | 0 | |a Obligaciones: teoría general y clasificaciones. La resolución por incumplimiento |
| 300 | |a 502 p | ||
| 942 | |c BK | ||
| 945 | |d 20040312 00:00:00 |a cmena | ||
| 260 | |a Santiago |b Jurídica de Chile |c 2003 | ||
| 650 | 0 | |a Derecho comercial |9 256340 | |
| 650 | 0 | |a Obligaciones |9 255578 | |
| 650 | 0 | |a Derecho civil |9 255013 | |
| 650 | 0 | |a Contratos |9 255153 | |
| 650 | 0 | |a Responsabilidad contractual |9 256720 | |
| 583 | |a last modification |c 20190913 09:48:57 |k Rodrigo Vera | ||
| 999 | |c 308096 |d 308094 | ||
| 952 | |0 0 |1 0 |4 0 |6 346_830200000000000_PEÑ_2003 |7 0 |8 A |9 374352 |a BIBDER |b BIBDER |d 2019-11-21 |i 399046K |l 10 |m 1 |o 346.8302 PEÑ 2003 |p 399046K |r 2025-04-14 |s 2025-04-14 |w 2019-11-21 |y BK |k DER | ||
| 952 | |0 0 |1 0 |4 0 |6 346_830200000000000_PEÑ_2003 |7 0 |8 A |9 374353 |a BIBDER |b BIBDER |d 2019-11-21 |i 4169107 |l 30 |m 3 |o 346.8302 PEÑ 2003 |p 4169107 |r 2025-04-09 |s 2025-04-09 |w 2019-11-21 |y BK |k DER | ||
| 952 | |0 0 |1 0 |4 0 |6 346_830200000000000_PEÑ_2003 |7 0 |8 A |9 374354 |a BIBDER |b BIBDER |d 2019-11-21 |i 4169115 |l 5 |m 1 |o 346.8302 PEÑ 2003 |p 4169115 |r 2024-04-24 |s 2024-04-17 |w 2019-11-21 |y BK |k DER | ||
| 952 | |0 0 |1 0 |4 0 |6 346_830200000000000_PEÑ_2003 |7 0 |8 A |9 374355 |a BIBDER |b BIBDER |d 2019-11-21 |i 4373421 |l 22 |m 2 |o 346.8302 PEÑ 2003 |p 4373421 |r 2024-10-24 |s 2024-10-24 |w 2019-11-21 |y BK |k DER | ||
| 952 | |0 0 |1 0 |4 0 |6 346_830200000000000_PEÑ_2003 |7 0 |8 A |9 374356 |a BIBDER |b BIBDER |d 2019-11-21 |i 4484630 |l 3 |m 2 |o 346.8302 PEÑ 2003 |p 4484630 |r 2024-10-11 |s 2024-10-04 |w 2019-11-21 |y BK |k DER | ||
| 952 | |0 0 |1 0 |4 0 |6 346_830200000000000_PEÑ_2003 |7 0 |8 A |9 374357 |a BIBDER |b BIBDER |d 2019-11-21 |i 4509137 |l 6 |m 3 |o 346.8302 PEÑ 2003 |p 4509137 |r 2024-04-26 |s 2024-04-23 |w 2019-11-21 |y BK |k DER | ||
| 952 | |0 0 |1 0 |4 0 |6 346_830200000000000_PEÑ_2003 |7 0 |8 A |9 374358 |a BIBDER |b BIBDER |d 2019-11-21 |i 476823K |l 8 |m 3 |o 346.8302 PEÑ 2003 |p 476823K |r 2025-04-16 |s 2025-04-14 |w 2019-11-21 |y BK |k DER | ||
| 952 | |0 0 |1 0 |4 0 |6 346_830200000000000_PEÑ_2003 |7 0 |8 A |9 374359 |a BIBDER |b BIBDER |d 2019-11-21 |i 4768248 |l 7 |o 346.8302 PEÑ 2003 |p 4768248 |r 2024-10-07 |s 2024-10-04 |w 2019-11-21 |y BK |k DER | ||
| 952 | |0 0 |1 0 |4 0 |6 346_830200000000000_PEÑ_2003 |7 0 |8 A |9 374360 |a BIBDER |b BIBDER |d 2019-11-21 |i 4768256 |l 2 |m 2 |o 346.8302 PEÑ 2003 |p 4768256 |q 2025-12-31 |r 2021-10-11 |s 2021-10-11 |w 2019-11-21 |y BK |k DER | ||
| 952 | |0 0 |1 0 |3 erb |4 0 |6 346_830200000000000_PEÑ_2003 |7 0 |8 A |9 374361 |a BIBDER |b BIBDER |i 5601770 |l 26 |m 2 |o 346.8302 PEÑ 2003 |p 5601770 |r 2025-05-08 |s 2025-05-08 |w 2019-11-21 |y BK |z Catalogado en:20190914 |k DER | ||